Bad wedding (Record no. 422320)
[ view plain ]
| 000 -LEADER | |
|---|---|
| fixed length control field | 00256nam a2200097Ia 4500 |
| 082 ## - DEWEY DECIMAL CLASSIFICATION NUMBER | |
| Classification number | EF FORD |
| 008 - FIXED-LENGTH DATA ELEMENTS--GENERAL INFORMATION | |
| fixed length control field | 210817s9999 xx 000 0 und d |
| 100 ## - MAIN ENTRY--PERSONAL NAME | |
| Personal name | Forde, Catherine, , 1961- Edinburgh, 2009 |
| 9 (RLIN) | 99462 |
| 245 #0 - TITLE STATEMENT | |
| Title | Bad wedding |
| 942 ## - ADDED ENTRY ELEMENTS | |
| item type | Books |
No items available.